Nosotros los felices
Wedi'i Gadw mewn:
| Prif Awdur: | |
|---|---|
| Awduron Eraill: | |
| Fformat: | Anhysbys |
| Iaith: | Spanish |
| Cyhoeddwyd: |
La Habana, Cuba
Casa de las Américas
1978
|
| Pynciau: | |
| Tagiau: |
Ychwanegu Tag
Dim Tagiau, Byddwch y cyntaf i dagio'r cofnod hwn!
|
MARC
| LEADER | 000000000a22000000004500 | ||
|---|---|---|---|
| 001 | 000185 | ||
| 007 | ta | ||
| 008 | 140512s1978 cu a|||| |||| 000 1 spa d | ||
| 041 | 0 | |a español | |
| 082 | |a 808.3 G643n | ||
| 100 | 1 | |a González Jiménez, Omar |d 1950- | |
| 245 | 1 | 0 | |a Nosotros los felices |c Omar González ; ilustraciones Roberto Fabelo |
| 260 | |a La Habana, Cuba |b Casa de las Américas |c 1978 | ||
| 300 | |a 68 páginas : |b ilustraciones | ||
| 500 | |a número de inscripción 00046 | ||
| 650 | 4 | |a LITERATURA CUBANA |v CUENTOS | |
| 650 | 4 | |a CUENTOS INFANTILES | |
| 700 | 1 | 2 | |a Fabelo, Roberto, |d 1950- , |j ilustrador |
| 942 | |2 ddc |c BK | ||
| 999 | |c 1018 |d 1018 | ||
